Blackstone's EC legislation

Sparad:
Bibliografiska uppgifter
Materialtyp: Bok
Språk:Undetermined
Publicerad: London Blackstone Press Limited 1998
Ämnen:
Taggar: Lägg till en tagg
Inga taggar, Lägg till första taggen!
Thư viện lưu trữ: Trung tâm Học liệu Trường Đại học Cần Thơ
LEADER 00475nam a2200169Ia 4500
001 CTU_28662
008 210402s9999 xx 000 0 und d
082 |a 340 
082 |b B681 
245 0 |a Blackstone's EC legislation 
245 0 |c Edited by Nigel G. Foster 
260 |a London 
260 |b Blackstone Press Limited 
260 |c 1998 
650 |a Laws 
904 |i Nguyễn Quang Điền, Giang sửa 
980 |a Trung tâm Học liệu Trường Đại học Cần Thơ